000 00373nam a2200145Ia 4500
005 20251222144753.0
008 251222s9999||||xx |||||||||||||| ||spa||
020 _a84-288-1014-1
082 _a249.3/G34
100 _aGea Escolano, José
245 0 _aPastoral Juvenil desde la Confirmación
250 _a2a.ed.
264 _bPromoción Popular Cristiana
942 _cLIB
999 _c19403
_d19403